000 00285nam a22001217a 4500
040 _cHS
082 _a338
100 _aKEN A. INGERSENT
245 _aAgricultural policy in Western Europe and the United States
260 _aUK
_bKEN A. INGERSENT
_c1999
300 _a450p;
942 _cEK
999 _c9105
_d9105